Ładuje się......

Social Identity: Fourth Edition

Opis bibliograficzny
1. autor: Richard Jenkins
Format: Printed Book
Wydane: New York Routledge 2014
Wydanie:4th Ed.
Hasła przedmiotowe:
LEADER 00443nam a22001457a 4500
020 |a 9780415706919 
082 |a 305  |b JEN.S 
100 |a Richard Jenkins 
245 |a Social Identity: Fourth Edition 
250 |a 4th Ed. 
260 |a New York  |b Routledge  |c 2014 
650 |a Group Identity 
942 |c BK 
999 |c 7970  |d 7970 
952 |0 0  |1 0  |4 0  |6 305_000000000000000_JEN_S  |7 0  |9 9862  |a CAMPUS  |b CAMPUS  |d 2016-05-27  |l 0  |o 305 JEN.S  |p 22701  |r 2016-05-27  |w 2016-05-27  |y BK